A survey of the coast of Sussex (Record no. 114152)
[ view plain ]
| 000 -LEADER | |
|---|---|
| fixed length control field | 00872cam a22002175a 4500 |
| 001 - CONTROL NUMBER | |
| control field | L156281 |
| 008 - FIXED-LENGTH DATA ELEMENTS--GENERAL INFORMATION | |
| fixed length control field | 120510s1870 xxk f 000 0 eng d |
| 035 ## - SYSTEM CONTROL NUMBER | |
| System control number | (Sirsi) u156281 |
| 041 0# - LANGUAGE CODE | |
| Language code of text/sound track or separate title | eng |
| 100 1# - MAIN ENTRY--PERSONAL NAME | |
| Personal name | Palmer, Thomas |
| Titles and words associated with a name | Sir |
| 245 02 - TITLE STATEMENT | |
| Title | A survey of the coast of Sussex |
| Remainder of title | made in 1587 with a view to its defence against foreign invasion and especially against the Spanish Armada : edited, with notes, by Mark Antony Lower |
| 260 ## - PUBLICATION, DISTRIBUTION, ETC. | |
| Place of publication, distribution, etc. | Lewes |
| Name of publisher, distributor, etc. | W. E. Baxter |
| Date of publication, distribution, etc. | 1870 |
| 300 ## - PHYSICAL DESCRIPTION | |
| Extent | 7, 6 p. |
| Other physical details | ill, maps |
| Dimensions | 28 x 38 cm. |
| 520 ## - SUMMARY, ETC. | |
| Summary, etc. | Facsimile of the manuscript produced in 1587 made by Sir Thomas Palmer and Walter Covert, with hand-coloured maps. |
| 583 0# - ACTION NOTE | |
| Action | Condition reviewed |
| Time/date of action | 20120620 |
| Status | condition level 4, detached boards |
| 651 #4 - SUBJECT ADDED ENTRY--GEOGRAPHIC NAME | |
| Geographic name | Sussex |
| Chronological subdivision | 1888- |
| 690 ## - LOCAL SUBJECT ADDED ENTRY--TOPICAL TERM (OCLC, RLIN) | |
| Topical term or geographic name as entry element | Rural |
| 9 (RLIN) | 6268 |
| 700 1# - ADDED ENTRY--PERSONAL NAME | |
| Personal name | Walter, Covert |
| 700 1# - ADDED ENTRY--PERSONAL NAME | |
| Personal name | Lower, Mark Antony |
| Dates associated with a name | 1813-1876 |
| 942 ## - ADDED ENTRY ELEMENTS (KOHA) | |
| Suppress in OPAC | 0 |
| Withdrawn status | Lost status | Source of classification or shelving scheme | Damaged status | Not for loan | Home library | Current library | Shelving location | Date acquired | Total Checkouts | Full call number | Barcode | Date last seen | Copy number | Price effective from | Koha item type |
|---|---|---|---|---|---|---|---|---|---|---|---|---|---|---|---|
| Dewey Decimal Classification | Historic collection | Historic collection | Historic collection | 10/05/2012 | FOLIO 1870 PALMER | 30077732 | 06/08/2019 | 1 | 06/08/2019 | Book |